Bosnia and Herzegovina Country Quiz - Statistics

General Stats
  • This quiz has been taken 3,067 times
  • The average score is 15 of 20
Answer Stats
Clue Answer % Correct
Capital city Sarajevo
98%
Bordering countries Croatia
97%
Bordering countries Serbia
96%
Bordering countries Montenegro
94%
Most common religion Islam
93%
Empire that brought the above with itself and ruled the country 1463–1878 Ottoman Empire
90%
Country it was part of, 1918–1941 Yugoslavia
89%
Prince that was assassinated in the capital that started the WWI Franz Ferdinand
88%
Major peninsula it is situated on Balkans
87%
Event the capital hosted in 1984 Winter Olympics
87%
Empire it was part of, 1878–1918 Austria-Hungary
76%
Part of the Mediterranean it borders Adriatic Sea
74%
Two letters most of Bosnian last names end in
72%
Ethnic group that includes Bosniaks, Poles, and Russians Slavs
71%
City famous for its bridge (it starts in M) Mostar
61%
Second biggest city Banja Luka
53%
Currency Mark
50%
River that flows through the capital, also gave its name to the country Bosna
46%
Mountain range that covers most of the country Dinaric Alps
22%
National animal Grey Wolf
19%
No matching quizzes found
Score Distribution
Percent of People with Each Score
Percentile by Number Answered
Your Score History
You have not taken this quiz